Unités urbaines de Normandie sur une carte - Statistiques

Statistiques générales
  • Ce quiz a été pris 138 fois
  • Le résultat moyen est 16 sur 26
Réponses sur la Carte
Les réponses sont colorées sur une échelle allant du rouge au vert en fonction du pourcentage des utilisateurs qui les ont devinées à leur premier essai. Vous pouvez retrouver ces pourcentages ci-dessous.
 
Statistiques - réponses
Unité Urbaine Population Communes % Correct
Rouen 475 035 50
98%
Caen 210 769 24
97%
Le Havre 231 245 18
97%
Cherbourg-en-Cotentin 80 762 3
94%
Évreux 58 483 4
88%
Alençon 40 713 8
87%
Saint-Lô 25 180 4
84%
Dieppe 35 454 5
81%
Dives-sur-Mer 35 865 24
78%
Honfleur 21 258 12
77%
Avranches 15 575 5
74%
Bayeux 17 705 6
73%
Lisieux 29 791 11
73%
Granville 26 021 9
68%
Fécamp 19 729 2
64%
Vire Normandie 17 135 1
60%
Vernon 32 255 3
50%
Flers 21 432 5
42%
Yvetot 15 001 4
42%
Louviers 38 933 7
36%
Eu 15 707 6
35%
Lillebonne 22 080 4
30%
Pont-Audemer 15 832 6
30%
Bolbec 18 234 5
26%
Barentin 20 009 3
23%
Gaillon 17 164 5
17%
Aucun quiz correspondant
Distribution des résultats
% des personnes avec chaque résultat
Percentile par nombre de réponses
Votre historique - résultats
Vous n’avez pas pris ce quiz